| 000 | 00424nam a2200157 4500 | ||
|---|---|---|---|
| 001 | 109021 | ||
| 003 | ES-MaACL | ||
| 005 | 20230906184748.0 | ||
| 007 | t| | ||
| 008 | 061121s1936 po r ||||1| por d | ||
| 100 | 1 |
_aMoya, Salvador de. _983962 |
|
| 245 | 1 | 0 |
_aA Reforma compulsoria / _cSalvador de Moya. |
| 260 |
_aSâo Paulo : _bEst. Graphies Cruzeiro do sul, _c1936. |
||
| 300 | _a33 p. | ||
| 852 |
_aES-MaACL _j1816-F-19 |
||
| 999 |
_c109021 _d109021 |
||